Empleo y equidad: el desafío de los 90 /
Guardat en:
| Autor corporatiu: | , |
|---|---|
| Format: | Text |
| Publicat: |
Ginebra:
OIT
|
| Etiquetes: |
Afegir etiqueta
Sense etiquetes, Sigues el primer a etiquetar aquest registre!
|
MARC
| LEADER | 00000 a a2200000 04500 | ||
|---|---|---|---|
| 001 | 22337 | ||
| 003 | |||
| 040 | |||
| 020 | |a 92-2-307723-0 | ||
| 090 | |a 152100 | ||
| 110 | |a Organización Internacional del Trabajo | ||
| 245 | |a Empleo y equidad: el desafío de los 90 / |c Organización Internacional del Trabajo | ||
| 260 | |a Ginebra: |b OIT | ||
| 300 | |a 97 p |b **no definido** | ||
| 710 | |a OIT | ||
| 999 | |c 3762 |d 3762 | ||



